1572 1775 1225 1140 1334 1416 1475 1800 1204 1332 1219 1879 1995 1594 1818 1402 1696 1410 1480 1711 1824 1800 1488 1812 1201 1890 1479 1294 1496 1160 1961 1702 1741 1577 1663 1034 1415 1785 1434 1596 1741 1054 1253 1693 1237 1062 1417 1854 1877 1377 1718 1025 1245 1036 1408 1314 1117 1367 1719 1120 1914 1153 1947 1487 1437 1363 1276 1289 1199 1201 1957 1756 1884 1445 1183 1558 1748 1427 1719 1518 1779 1311 1269 1577 1926 1076 1292 1956 1956 1778 1966 1235 1047 1407 1576 1922 1806 1409 1834 BCNSPRNW ULIB Ver.6.0+V

เปลี่ยนเป็นภาษาไทย

Change to English
 แสดงรายละเอียดบรรณานุกรม
  กลับหน้าหลัก

Brief Record : Get Marc (ISO 2709) : E-mail record : QR code < ปิดหน้าต่าง
LEADER : 00000nam 2200000uu 4500
001    13399124762
003     ULIB
008    160315s2006||||th 000 0 tha d
020    ^a9780443100079
060  4 ^aWO500^bA535 2006
245 04 ^aThe anatomy of general surgical operations /^c[edited by]Glyn G. Jamieson
250    ^a2nd ed
260    ^aEdinburgh :^bLivingstone,^c2006
300    ^axiii, 225 p. :^bill
650  2 ^aAnatomy, Regional
650  2 ^aSurgery
700 1  ^aJamieson, Glyn G.,^eed
945    ^p1830^l0^i020375
999    ^aเกษร โพธิ์สุวรรณ
รายการนี้ยังไม่มีแท็ก
คุณยังไม่ได้ล็อกอิน คุณสามารถมีกิจกรรมร่วมกับเว็บไซต์ได้ แต่ต้องล็อกอินก่อน ::
  ล็อกอิน

รายการสื่อสารสนเทศ

ลำดับที่ ประเภท เลขเรียก/บาร์โค้ด สถานที่ สถานะ
1. วิทยาศาสตร์การแพทย์ และสุขภาพ
วิทยาศาสตร์การแพทย์ และสุขภาพ
WO500 A535 2006 ฉ.1 
  Barcode: 020375
ห้องสมุดวิทยาเขตสวรรค์ประชารักษ์
►หนังสือทั่วไป
บนชั้น

รายการใกล้เคียง
    หัวเรื่อง [Anatomy, Regional]
    หัวเรื่อง [Surgery]

BibComment


ยังไม่เคยถูกคอมเมนท์

คอมเมนท์ทรัพยากรรายการนี้
  คอมเมนท์: The anatomy of g..


 Copyright 2026. Bcnsprnw @Library